000 00917nam a2200289Ia 4500
001 Para_7065
003 CHAP
008 220125s1973 xx 000 0 und d
010 _a205891
040 _cCHAP
082 _aPA 633.61 C35
100 _aAyalde Varon Guillermo
_98991
245 _aCaña de Azúcar /
_c por Guillermo Ayalde Varon et.al.
260 _aPalmira, Colombia :
_b Centro Nacional de Investigaciones Agropecuarias Palmira
300 _a261 p.
440 _aManual de Asistencia Técnica; 9
_9172018
650 _aCaña de azúcar
_x investigación
_918617
700 _aAyalde Varón, Guillermo
_98991
710 _aCentro Nacional de Investigaciones Agropecuarias Palmira, Colombia
_9172019
901 _aPA 633.61 C35
902 _aA
905 _a0000001973 a 0000000000 00
910 _a1973
942 _cPARA
942 _cPARA
_d1
999 _c205891
_d205891